|
|
|
|
| LEADER |
00000cam a2200000 7i4500 |
| 001 |
0000001915 |
| 005 |
20020418.0 |
| 020 |
0 |
0 |
|a 9678912260
|
| 090 |
0 |
0 |
|a 342.595
|b MAL 2002
|
| 110 |
1 |
0 |
|a MALAYSIA
|
| 245 |
1 |
0 |
|a Perlembagaan Persekutuan (hingga 10hb Januari 2002)
|c disusun oleh Lembaga Penyelidikan Undang-Undang
|
| 260 |
0 |
0 |
|a Petaling Jaya, Selangor :
|b International Law Book Services ,
|c 2002
|
| 300 |
|
|
|a xxiv, 343 p. ;
|c 15 x 12 cm.
|
| 440 |
0 |
0 |
|a Undang-Undang Malaysia
|
| 650 |
0 |
0 |
|a Constitutions
|z Malaysia
|
| 998 |
|
|
|a JPSM
|
| 999 |
|
|
|a 0000003026
|b Monograph
|c Open Shelf
|e Default branch
|
| 999 |
|
|
|a 0000003027
|b Monograph
|c Reference
|e Default branch
|